Countries with embassies and consulates in Cyprus - Statistics

General Stats
  • This quiz has been taken 72 times
  • The average score is 30 of 42
Answer Stats
Continent Country % Correct
Oceania Australia
95%
Europe United Kingdom
95%
Europe France
92%
Europe Greece
92%
Europe Italy
89%
Europe Germany
88%
Europe Spain
88%
Asia/ Europe Turkey
88%
North America United States of America
88%
Asia/ Europe Russia
86%
South America Brazil
83%
Asia China
83%
Africa Egypt
83%
Asia India
83%
Europe Austria
82%
Europe Bulgaria
82%
Asia Israel
77%
Europe Portugal
77%
Europe Romania
75%
Europe Poland
74%
Europe Sweden
74%
Europe the Netherlands
71%
Europe Denmark
68%
Europe Finland
68%
Europe Serbia
68%
Europe Ukraine
68%
Europe Ireland
66%
Africa Libya
66%
Europe Switzerland
66%
North America Cuba
65%
Europe Czech Republic
65%
Asia Lebanon
60%
Asia Iran
58%
Europe Slovakia
49%
Asia Qatar
48%
Asia Syria
48%
Asia Kuwait
45%
South America Venezuela
45%
Asia Oman
43%
Asia Georgia
42%
Europe Vatican City
42%
Asia Palestine
35%
No matching quizzes found
Score Distribution
Percent of People with Each Score
Percentile by Number Answered
Your Score History
You have not taken this quiz